000 00622 a2200205 4500
001 140109
003 OSt
005 20260121121419.0
008
020 _a9781259025969
082 _a532.05015118
_bA23C
100 1 _aAnderson, John D.
245 1 _aComputational fluid dynamics
_b: the basic with applications
_cby John D. Anderson
260 _aNew Delhi
_bMcGraw Hill
_c2013
300 _a547p.
546 _aenglish
650 _aMathematics
653 _aComputational fluid dynamics; Fluid dynamics--Mathematical models; Fluid dynamic measurements
942 _2ddc
_cBK
999 _c20693
_d20693